书目信息 |
| 题名: |
立体型教育的实践与理论探讨
|
|
| 作者: | 李锦森 著 | |
| 分册: | ||
| 出版信息: | 北京 教育科学出版社 1992 |
|
| 页数: | 182页 | |
| 开本: | 20cm | |
| 丛书名: | ||
| 单 册: | ||
| 中图分类: | G629.21 | |
| 科图分类: | ||
| 主题词: | 小学--教育改革--经验--温州 , 小学 , 教育改革 | |
| 电子资源: | ||
| ISBN: | 7-5041-0894-4 | |
| 000 | 00916nam0 2200265 450 | |
| 001 | 1557807260 | |
| 005 | 20150129160346.28 | |
| 010 | @a7-5041-0894-4@dCNY4.60 | |
| 010 | @a7-5041-0894-4@b精装@dCNY7.00 | |
| 100 | @a20130329d1992 emky0chiy0110 ea | |
| 101 | 0 | @achi |
| 102 | @aCN@b110000 | |
| 105 | @ay z 000yy | |
| 200 | 1 | @a立体型教育的实践与理论探讨@9li ti xing jiao yu de shi jian yu li lun tan tao@f李锦森著 |
| 210 | @a北京@c教育科学出版社@d1992 | |
| 215 | @a182页@d20cm | |
| 314 | @a李锦森,温州市广场路小学校长 | |
| 330 | @a本书是温州市广场路小学近八年教改实验的研究成果,阐述了立体型教育的理论构想,介绍了学校组织和指导学生的家庭教育和社会教育的具体做法,介绍了改进小学管理机制的切实措施。 | |
| 606 | 0 | @a小学@x教育改革@x经验@y温州 |
| 606 | 0 | @a小学 |
| 606 | 0 | @a教育改革 |
| 690 | @aG629.21@v5 | |
| 701 | 0 | @a李锦森@9li jin sen@4著 |
| 801 | 0 | @aCN@bTSSF@c20150129 |
| 905 | @aZUCC@dG629.21@eJY1 | |
| 立体型教育的实践与理论探讨/李锦森著.-北京:教育科学出版社,1992 |
| 182页;20cm |
| ISBN 7-5041-0894-4:CNY4.60 |
| 本书是温州市广场路小学近八年教改实验的研究成果,阐述了立体型教育的理论构想,介绍了学校组织和指导学生的家庭教育和社会教育的具体做法,介绍了改进小学管理机制的切实措施。 |
| ● |
| 相关链接 |
|
|
|
|
正题名:立体型教育的实践与理论探讨
索取号:G629.21/JY1
 
预约/预借
| 序号 | 登录号 | 条形码 | 馆藏地/架位号 | 状态 | 备注 |
| 1 | 7861004 | 278610040 | 学院路分馆/ [索取号:G629.21/JY1] | 在馆 |